Welcome to WEB OPAC of MRSPTU Central Library

Statistical quality control (Record no. 5889)

MARC details
000 -LEADER
fixed length control field 00489nam a2200181Ia 4500
008 - FIXED-LENGTH DATA ELEMENTS--GENERAL INFORMATION
fixed length control field 230711s9999||||xx |||||||||||||| ||und||
020 ## - INTERNATIONAL STANDARD BOOK NUMBER
International Standard Book Number 978-0-07-043555-1
041 ## - LANGUAGE CODE
Language code of text/sound track or separate title ENG
082 ## - DEWEY DECIMAL CLASSIFICATION NUMBER
Classification number 658.562015
Item number GR-S
100 ## - MAIN ENTRY--PERSONAL NAME
Personal name Grant,Eugene L
245 #0 - TITLE STATEMENT
Title Statistical quality control
250 ## - EDITION STATEMENT
Edition statement 7th Ed.
260 ## - PUBLICATION, DISTRIBUTION, ETC.
Date of publication, distribution, etc. 2016
Place of publication, distribution, etc. New Delhi
Name of publisher, distributor, etc. McGraw Hill Education(India) Private Limited
300 ## - PHYSICAL DESCRIPTION
Extent 764p.
650 ## - SUBJECT ADDED ENTRY--TOPICAL TERM
Topical term or geographic name entry element Mechanical Engineering
700 ## - ADDED ENTRY--PERSONAL NAME
Personal name Leavenworth, Richard S
942 ## - ADDED ENTRY ELEMENTS (KOHA)
Koha item type Book
Holdings
Withdrawn status Lost status Damaged status Not for loan Collection Home library Current library Date acquired Cost, normal purchase price Inventory number Total checkouts Full call number Barcode Date last seen Price effective from Koha item type
          MRSPTU Central Library MRSPTU Central Library   875.00 742483   658.562015 GR-S 31669 08/17/2023 08/17/2023 Book
          MRSPTU Central Library MRSPTU Central Library   875.00 742483   658.562015 GR-S 31670 08/17/2023 08/17/2023 Book
          MRSPTU Central Library MRSPTU Central Library   875.00 742483   658.562015 GR-S 31671 08/17/2023 08/17/2023 Book
          MRSPTU Central Library MRSPTU Central Library   875.00 742483   658.562015 GR-S 31672 08/17/2023 08/17/2023 Book
          MRSPTU Central Library MRSPTU Central Library   875.00 742483   658.562015 GR-S 31673 08/17/2023 08/17/2023 Book
          MRSPTU Central Library MRSPTU Central Library   875.00 742483   658.562015 GR-S 31674 08/17/2023 08/17/2023 Book
          MRSPTU Central Library MRSPTU Central Library 08/08/2043       658.562015 GR-S 39495 08/17/2023 08/17/2023 Book
          MRSPTU Central Library MRSPTU Central Library 08/08/2043       658.562015 GR-S 39496 08/17/2023 08/17/2023 Book
          MRSPTU Central Library MRSPTU Central Library 08/08/2043       658.562015 GR-S 39497 08/17/2023 08/17/2023 Book
          MRSPTU Central Library MRSPTU Central Library 08/08/2043       658.562015 GR-S 39498 08/17/2023 08/17/2023 Book
          MRSPTU Central Library MRSPTU Central Library 08/08/2043       658.562015 GR-S 39499 08/17/2023 08/17/2023 Book
          MRSPTU Central Library MRSPTU Central Library 08/08/2043       658.562015 GR-S 39500 08/17/2023 08/17/2023 Book

Website Designed and Developed by MRSPTU Central Library Team

E-mail Id: librarian@mrsptu.ac.in